| 000 | 00729nam a2200289Ia 4500 | ||
|---|---|---|---|
| 001 | Z_4180 | ||
| 003 | CHAP | ||
| 008 | 220113s1994 xx 000 0 und d | ||
| 010 | _a167243 | ||
| 040 | _cCHAP | ||
| 082 | _a633.3 G8 | ||
| 100 |
_aGutteridge, Ross C _9141408 |
||
| 245 |
_aForage tree legumes in tropical agriculture / _cpor Ross C Gutteridge and H. Max Shelton |
||
| 260 |
_aOxon : _bC.A.B., _c1994 |
||
| 300 | _a389 p. ; ilus. | ||
| 440 | _a | ||
| 500 | _a | ||
| 503 | _a190330 | ||
| 650 |
_aLeguminosas forrajeras _965868 |
||
| 650 |
_aPlantas forrajeras _xTrĂ³picos I. Shelton. H. Max _9141409 |
||
| 901 | _a633.3 G8 | ||
| 902 | _aA | ||
| 910 | _a1994 | ||
| 942 | _c1 | ||
| 942 | _cc1 | ||
| 999 |
_c167243 _d167243 |
||